Applied numerical methods for engineers and scientists / (Record no. 8438)
[ view plain ]
| 000 -LEADER | |
|---|---|
| fixed length control field | 00681cam a22002057a 4500 |
| 001 - CONTROL NUMBER | |
| control field | 12634522 |
| 005 - DATE AND TIME OF LATEST TRANSACTION | |
| control field | 20251129135254.0 |
| 008 - FIXED-LENGTH DATA ELEMENTS--GENERAL INFORMATION | |
| fixed length control field | 020104s2002 nju b 001 0 eng d |
| 020 ## - INTERNATIONAL STANDARD BOOK NUMBER | |
| International Standard Book Number | 013089480X |
| 050 00 - LIBRARY OF CONGRESS CALL NUMBER | |
| Classification number | TA345 |
| Item number | .R37 2002 |
| 100 1# - MAIN ENTRY--PERSONAL NAME | |
| Personal name | Rao, Singiresu S., |
| Dates associated with a name | 1944- |
| 245 10 - TITLE STATEMENT | |
| Title | Applied numerical methods for engineers and scientists / |
| Statement of responsibility, etc. | Singiresu S. Rao. |
| 260 ## - PUBLICATION, DISTRIBUTION, ETC. | |
| Place of publication, distribution, etc. | Upper Saddle River, N.J. : |
| Name of publisher, distributor, etc. | Prentice Hall, |
| Date of publication, distribution, etc. | c2002. |
| 300 ## - PHYSICAL DESCRIPTION | |
| Extent | xx, 1060 p. ; |
| Dimensions | 24 cm. |
| 650 #0 - SUBJECT ADDED ENTRY--TOPICAL TERM | |
| Topical term or geographic name entry element | Engineering mathematics |
| General subdivision | Data processing. |
| 650 #0 - SUBJECT ADDED ENTRY--TOPICAL TERM | |
| Topical term or geographic name entry element | Numerical analysis |
| General subdivision | Data processing. |
| 650 #0 - SUBJECT ADDED ENTRY--TOPICAL TERM | |
| Topical term or geographic name entry element | Engineering |
| General subdivision | Data processing. |
| 650 #0 - SUBJECT ADDED ENTRY--TOPICAL TERM | |
| Topical term or geographic name entry element | Science |
| General subdivision | Data processing. |
| 942 ## - ADDED ENTRY ELEMENTS (KOHA) | |
| Source of classification or shelving scheme | Library of Congress Classification |
| Koha item type | Books |
| Suppress in OPAC | No |
| 999 ## - | |
| -- | 8438 |
| -- | 8438 |
| Withdrawn status | Lost status | Source of classification or shelving scheme | Damaged status | Not for loan | Collection | Home library | Current library | Shelving location | Date acquired | Total checkouts | Full call number | Barcode | Date last seen | Copy number | Price effective from | Koha item type |
|---|---|---|---|---|---|---|---|---|---|---|---|---|---|---|---|---|
| Library of Congress Classification | Non-fiction | Science Library (Miotso) | Science Library (Miotso) | General stacks | 11/29/2025 | TA345 .R37 RAO | SLM00006405 | 11/29/2025 | 1 | 11/29/2025 | Books | |||||
| Library of Congress Classification | Non-fiction | Science Library (Miotso) | Science Library (Miotso) | General stacks | 11/29/2025 | TA345 .R37 RAO | SLM00006406 | 11/29/2025 | 2 | 11/29/2025 | Books | |||||
| Library of Congress Classification | Non-fiction | Science Library (Miotso) | Science Library (Miotso) | General stacks | 11/29/2025 | TA345 .R37 RAO | SLM00006407 | 11/29/2025 | 3 | 11/29/2025 | Books | |||||
| Library of Congress Classification | Non-fiction | Science Library (Miotso) | Science Library (Miotso) | General stacks | 11/29/2025 | TA345 .R37 RAO | SLM00006408 | 11/29/2025 | 4 | 11/29/2025 | Books | |||||
| Library of Congress Classification | Non-fiction | Science Library (Miotso) | Science Library (Miotso) | General stacks | 11/29/2025 | TA345 .R37 RAO | SLM00006409 | 11/29/2025 | 5 | 11/29/2025 | Books |